| 000 | 00000cam 2200000zi 4500 |
| 001 | 9.962550 |
| 003 | CaOODSP |
| 005 | 20260604152051 |
| 006 | m o d f |
| 007 | cr |n||||||||| |
| 008 | 260504s2026 onc obs f000 0 eng d |
| 020 | |a9780660998305 |
| 040 | |aCaOODSP|beng|erda|cCaOODSP |
| 043 | |an-cn--- |
| 086 | 1 |aPS82-4/26-02E-PDF |
| 100 | 1 |aFiloso, Daniella, |eauthor. |
| 245 | 10|aNon-fatal overdose incidents in federal custody, fiscal year 2024 to 2025 / |cprepared by Daniella Filoso and Myriam Girard. |
| 264 | 1|a[Ottawa] : |bCorrectional Service Canada = Service correctionnel du Canada, |c2026. |
| 300 | |a1 online resource (1 unnumbered page) |
| 336 | |atext|btxt|2rdacontent |
| 337 | |acomputer|bc|2rdamedia |
| 338 | |aonline resource|bcr|2rdacarrier |
| 490 | 1 |aResearch in brief ; |vRIB-26-02 |
| 500 | |aIssued also in French under title: Incidents de surdose non mortelle dans les établissements fédéraux en 2024 à 2025. |
| 504 | |aIncludes bibliographical references. |
| 650 | 0|aPrisoners|xDrug use|zCanada|vStatistics. |
| 650 | 0|aNarcotics|xOverdose|zCanada|vStatistics. |
| 650 | 0|aDrugs|xOverdose|zCanada|vStatistics. |
| 655 | 7|aStatistics|2lcgft |
| 710 | 2 |aCorrectional Service Canada, |eissuing body. |
| 775 | 08|tIncidents de surdose non mortelle dans les établissements fédéraux en 2024 à 2025 / |w(CaOODSP)9.962551 |
| 830 | #0|aResearch in brief (Correctional Service Canada)|vRIB-26-02.|w(CaOODSP)9.805030 |
| 856 | 40|qPDF|s692 KB|uhttps://publications.gc.ca/collections/collection_2026/scc-csc/PS82-4-26-02-eng.pdf |
| 856 | 4 |qHTML|sN/A|uhttps://www.canada.ca/en/correctional-service/corporate/library/research/research-brief/26-02.html |